000 00863cam a22002411 4500
001 gs 34000071
003 DLC
005 20260227111338.0
008 810722s1922 cc af f000 0 eng
010 _ags 34000071
035 _a(OCoLC)7604191
040 _aDLC
_cTxU
_dDLC
042 _apremarc
050 0 0 _aQE756.C6
_bA3 ser. B, vol. 1, fasc. 1
100 1 _aGrabau, Amadeus W.
_q(Amadeus William),
_d1870-1946.
245 1 0 _aOrdovician fossils of north China,
_cby Amadeus W. Grabau, with plates I-IX and 20 text figures.
260 _aPeking,
_bPublished by the Geological Survey of China,
_c1922.
300 _a127 p.
_billus., IX plates.
_c31 cm.
410 1 0 _aChina.
_bGeological Survey.
_tPalæontologia sinica,
_vser. B, vol. 1, fasc. 1
504 _aBibliography: p. 96-98.
650 0 _aPaleontology
_zChina.
650 0 _aPaleontology
_yOrdovician.
999 _c27083
_d27083